中国主要危险品标志 Dangerous goods signs in China - Statistics

General Stats
  • This quiz has been taken 9 times
  • The average score is 6 of 16
Answer Stats
Picture Answer % Correct
感染性物质
88%
(一级)放射性物质
88%
腐蚀性物质
88%
毒性物质
63%
易于自燃的物质
50%
易燃液体
38%
氧化性物质
38%
易燃气体
25%
非易燃无毒气体
25%
毒性气体
25%
易燃固体
25%
裂变性物质
25%
危害环境物质和物品
13%
遇水放出易燃气体的物质
13%
有机过氧化物
13%
杂项危险物质和物品
13%
No matching quizzes found
Score Distribution
Percent of People with Each Score
Percentile by Number Answered
Your Score History
You have not taken this quiz